John Mulaney Filmography - Statistics

General Stats
  • This quiz has been taken 97 times
    17 since last reset
  • The average score is 7 of 78
Answer Stats
Type Year Name % Correct
TV Show 2008-2018, 2018-2024 Saturday Night Live
86%
Web Special 2019 John Mulaney & the Sack Lunch Bunch
57%
Stand-Up Special 2023 John Mulaney: Baby J
57%
Stand-Up Special 2012 John Mulaney: New in Town
43%
TV Show 2014-2015 Mulaney
43%
Film 2018 Spider-Man: Into the Spider-Verse
43%
Film 2022 Chip 'n' Dale: Rescue Rangers
29%
Stand-Up Special 2015 John Mulaney: The Comeback Kid
29%
Theater 2015-2017 Oh, Hello on Broadway
29%
Web Special 2017 Oh, Hello on Broadway
29%
Film 2027 Spider-Man: Beyond the Spider-Verse
29%
Award Show 2017 32nd Independent Spirit Awards
14%
Award Show 2018 33rd Independent Spirit Awards
14%
Web Series 2017-2025 Big Mouth
14%
Web Series 2023 Bupkis
14%
Web Series 2018 Comedians in Cars Getting Coffee
14%
TV Show 2018, 2019 Crashing
14%
Web Series 2025 Everybody's Live with John Mulaney
14%
TV Show 2006 Invisible City
14%
Stand-Up Special 2018 John Mulaney: Kid Gorgeous at Radio City
14%
Web Mini-Series 2024 John Mulaney Presents: Everybody's in LA
14%
TV Show 2004 Jump Cuts
14%
TV Show 2013-2015 Kroll Show
14%
TV Show 2015, 2016 Late Night with Seth Meyers
14%
Film 2022 Puss in Boots: The Last Wish
14%
TV Special 2025 SNL50: The Anniversary Special
14%
Short Film 2019 Spider-Ham: Caught in a Ham
14%
Web Series 2023, 2024, 2025 The Bear
14%
Theater 2024-2025 All In: Comedy of Love
0%
TV Show 2018 An Emmy for Megan
0%
TV Show 2018 Animals.
0%
TV Show 2008 Atom TV
0%
TV Film 2007 Balls of Steel
0%
TV Show 2008 Best Week Ever with Paul F. Tompkins
0%
Commercial 2017 Chipotle
0%
TV Show 2016 Comedy Bang! Bang!
0%
TV Show 2009 Comedy Central Presents
0%
TV Show 2016 Conan
0%
TV Special 2025 Conan O'Brien: The Kennedy Center Mark Twain Prize for American Humor
0%
TV Show 2019 Dickinson
0%
TV Show 2016 Difficult People
0%
Web Series 2024 Dinner Time Live with David Chang
0%
TV Show 2015, 2019 Documentary Now!
0%
Web Series 2019 Dressing Funny
0%
Theater 2017 Fade
0%
TV Show 2007 Human Giant
0%
Web Series 2022 Human Resources
0%
TV Show 2008 I Love the '30s
0%
TV Show 2008 Important Things with Demetri Martin
0%
Stand-Up Special 2009 John Mulaney: The Top Part
0%
TV Show 2014 Just for Laughs: All-Access
0%
TV Show 2016 Lady Dynamite
0%
Music Video 2009 Like a Boss
0%
TV Show 2006 Live at Gotham
0%
Film TBA Lunik Heist
0%
Film TBA Madden
0%
Short Film 2020 Marvel: Back on the Air
0%
Video Game 2014 Marvel: Contest of Champions
0%
TV Show 2016 Maya & Marty
0%
TV Show 2010 Mayne Street
0%
Stand-Up Special 2014 Mulaney: An Opening Act
0%
Stand-Up Special 2011 Nick Kroll: Thank You Very Cool
0%
TV Special 2017 Night of Too Many Stars
0%
TV Show 2016 Nothin's Easy
0%
Web Series 2019 Patriot Act with Hasan Minhaj
0%
Web Series 2025 Poker Face
0%
TV Show 2018 Portlandia
0%
Stand-Up Special 2018 Seth Rogen's Hilarity for Clarity
0%
TV Show 2010 The Bob & Tom Show
0%
TV Show 2011, 2017 The Chris Gethard Show
0%
TV Show 2015-2016 The Jim Gaffigan Show
0%
Web Series 2020 The Not-Too-Late Show with Elmo
0%
Web Series 2008 The Oh, Hello Show
0%
TV Show 2019, 2022 The Simpsons
0%
TV Show 2014 The Soup
0%
TV Show 2010 The Very Funny Show
0%
TV Show 2010 Ugly Americans
0%
TV Show 2024 Who Wants to Be a Millionaire
0%
No matching quizzes found
Score Distribution
Percent of People with Each Score
Percentile by Number Answered
Your Score History
You have not taken this quiz since the last reset